000 00253nam a2200109 a 4500
005 20141022142003.0
008 120307s19uu xx 00 eng d
050 _aDVD
_bH89 2007
245 _aGuide to basic baby care.
260 _c2007.
942 _cAVM
999 _c276360
_d276360